[Event "Valencia Region-ch Segunda"]
[Site "Valencia"]
[Date "2016.10.01"]
[Round "1"]
[White "Jimenez Hernandez, Jose"]
[Black "Vidal Benavent, Lluis"]
[Result "0-1"]
[WhiteElo "1270"]
[BlackElo "1705"]
[PlyCount "70"]
[EventDate "2016.10.01"]
[EventType "swiss"]
[EventRounds "7"]
[EventCountry "ESP"]
[SourceTitle "EXT 2024"]
[Source "ChessBase"]
[SourceDate "2023.10.10"]
[SourceVersion "1"]
[SourceVersionDate "2023.10.10"]
[SourceQuality "1"]

1. e4 e5 2. Nf3 Nc6 3. Bb5 a6 4. Ba4 Bc5 5. Nc3 b5 6. Bb3 d6 7. d3 h6 8. a3 Nf6 9. h3 Be6 10. Bxe6 fxe6 11. 0-0 0-0 12. Bd2 Qe8 13. Ne2 Qg6 14. Ng3 Qxg3 15. Qe2 Qg6 16. Kh1 Nd4 17. Nxd4 Bxd4 18. c3 Bb6 19. Rg1 Nh5 20. Be3 Bxe3 21. Qxe3 c5 22. Raf1 Nf4 23. f3 Qg3 24. Rf2 Nxd3 25. Rd2 c4 26. Rf1 d5 27. Qb6 dxe4 28. Qxe6+ Kh8 29. Qd5 exf3 30. Rxf3 Qe1+ 31. Kh2 Qxd2 32. Rg3 Qf4 33. Qd7 Rf7 34. Qd5 Raf8 35. Qd6 Nf2 0-1